[Event "CAN-ch U12"]
[Site "Windsor"]
[Date "2015.07.09"]
[Round "6.60"]
[White "Bhaskar, Anitej"]
[Black "Lin, Benjamin1"]
[Result "0-1"]
[WhiteElo "736"]
[BlackElo "1815"]
[PlyCount "64"]
[EventDate "2015.07.06"]
[EventType "swiss"]
[EventRounds "7"]
[EventCountry "CAN"]
[SourceTitle "EXT 2022"]
[Source "ChessBase"]
[SourceDate "2021.10.06"]
[SourceVersion "1"]
[SourceVersionDate "2021.10.06"]
[SourceQuality "1"]

1. e4 c5 2. Nf3 d6 3. Nc3 g6 4. Bc4 Bg7 5. 0-0 Nf6 6. d3 0-0 7. h3 Nc6 8. Nd5 Nxd5 9. Bxd5 e6 10. Bxc6 bxc6 11. c3 e5 12. Re1 Re8 13. Be3 Rb8 14. Qd2 Be6 15. b3 Qc7 16. d4 cxd4 17. cxd4 f5 18. Bh6 fxe4 19. Rxe4 Bd5 20. Rh4 Bxf3 21. Bxg7 Qxg7 22. gxf3 Rf8 23. dxe5 dxe5 24. Qe3 e4 25. Rc1 exf3 26. Rxc6 Rbe8 27. Qc1 Qe7 28. Rhc4 Qd7 29. Kh2 Re2 30. Rc2 Qd4 31. Qf1 Qe5+ 32. Kg1 Re1 0-1